[Event "Masters Tournament (MTO)"]
[Site "Biel, CH"]
[Date "2025.07.21"]
[Round "7"]
[White "Gafner, Lancelot"]
[Black "Faraone, Ettore"]
[Result "1-0"]
[Board "47"]
[WhiteFideId "1345818"]
[BlackFideId "1311484"]
[WhiteElo "1901"]
[BlackElo "1979"]
[WhiteTeam "SUI"]
[BlackTeam "SUI"]
[WhiteClock "0:02:34"]
[BlackClock "0:08:00"]
[Variant "Standard"]

1. e4 {[%clk 1:37:55]}  e5 {[%clk 1:40:31]} 2. Nf3 {[%clk 1:37:55]}  Nc6 {[%clk 1:40:34]} 3. Bb5 {[%clk 1:38:16]}  a6 {[%clk 1:40:48]} 4. Ba4 {[%clk 1:38:34]}  Nf6 {[%clk 1:41:06]} 5. O-O {[%clk 1:38:42]}  b5 {[%clk 1:40:06]} 6. Bb3 {[%clk 1:38:56]}  Be7 {[%clk 1:39:31]} 7. Re1 {[%clk 1:39:09]}  O-O {[%clk 1:39:54]} 8. c3 {[%clk 1:39:31]}  d6 {[%clk 1:40:00]} 9. h3 {[%clk 1:39:49]}  Na5 {[%clk 1:39:19]} 10. Bc2 {[%clk 1:40:11]}  c5 {[%clk 1:39:44]} 11. d4 {[%clk 1:40:18]}  Nc6 {[%clk 1:36:09]} 12. d5 {[%clk 1:39:49]}  Nb8 {[%clk 1:39:01]} 13. Nbd2 {[%clk 1:37:04]}  Nbd7 {[%clk 1:39:06]} 14. Nf1 {[%clk 1:36:01]}  Ne8 {[%clk 1:36:09]} 15. a4 {[%clk 1:36:37]}  Bb7 {[%clk 1:31:57]} 16. Ne3 {[%clk 1:30:04]}  g6 {[%clk 1:25:37]} 17. Qe2 {[%clk 1:31:20]}  c4 {[%clk 1:08:57]} 18. Ng4 {[%clk 1:14:19]}  h5 {[%clk 1:21:38]} 19. Ngh2 {[%clk 1:11:54]}  Ng7 {[%clk 1:15:43]} 20. Bh6 {[%clk 1:04:02]}  Nc5 {[%clk 1:09:52]} 21. g4 {[%clk 0:50:30]}  Qd7 {[%clk 1:07:20]} 22. Be3 {[%clk 0:45:08]}  hxg4 {[%clk 0:59:33]} 23. hxg4 {[%clk 0:54:16]}  f5 {[%clk 0:59:43]} 24. gxf5 {[%clk 0:53:44]}  gxf5 {[%clk 1:00:04]} 25. Bxc5 {[%clk 0:53:39]}  dxc5 {[%clk 0:58:22]} 26. Nxe5 {[%clk 0:51:18]}  Qd6 {[%clk 0:58:39]} 27. exf5 {[%clk 0:31:44]}  Qxd5 {[%clk 0:43:46]} 28. Be4 {[%clk 0:40:35]}  Qxe4 {[%clk 0:44:02]} 29. Qxe4 {[%clk 0:41:02]}  Bxe4 {[%clk 0:44:21]} 30. Rxe4 {[%clk 0:41:25]}  Bd6 {[%clk 0:41:11]} 31. axb5 {[%clk 0:31:27]}  axb5 {[%clk 0:40:57]} 32. Rxa8 {[%clk 0:30:56]}  Rxa8 {[%clk 0:41:17]} 33. f6 {[%clk 0:31:07]}  Nf5 {[%clk 0:39:15]} 34. Nhf3 {[%clk 0:22:31]}  Ra2 {[%clk 0:25:43]} 35. Rg4+ {[%clk 0:18:24]}  Kf8 {[%clk 0:24:55]} 36. Rf4 {[%clk 0:15:58]}  Nh6 {[%clk 0:20:43]} 37. Rh4 {[%clk 0:14:00]}  Nf7 {[%clk 0:18:22]} 38. Ng6+ {[%clk 0:12:08]}  Ke8 {[%clk 0:20:06]} 39. Re4+ {[%clk 0:12:01]}  Kd7 {[%clk 0:15:46]} 40. Re2 {[%clk 0:02:21]}  Kc7 {[%clk 0:02:22]} 41. Nge5 {[%clk 0:26:57]}  Nxe5 {[%clk 0:31:52]} 42. Nxe5 {[%clk 0:27:16]}  b4 {[%clk 0:32:02]} 43. Nxc4 {[%clk 0:19:45]}  bxc3 {[%clk 0:31:31]} 44. f7 {[%clk 0:13:22]}  Bf8 {[%clk 0:30:41]} 45. Kf1 {[%clk 0:12:17]}  cxb2 {[%clk 0:22:49]} 46. Nxb2 {[%clk 0:10:45]}  Bg7 {[%clk 0:20:56]} 47. Re7+ {[%clk 0:08:14]}  Kd6 {[%clk 0:20:28]} 48. Rb7 {[%clk 0:08:12]}  Kc6 {[%clk 0:18:38]} 49. Rb8 {[%clk 0:08:00]}  Kc7 {[%clk 0:18:49]} 50. Rb3 {[%clk 0:07:15]}  Ra1+ {[%clk 0:18:28]} 51. Kg2 {[%clk 0:07:09]}  Rb1 {[%clk 0:18:49]} 52. Rg3 {[%clk 0:06:58]}  Bf8 {[%clk 0:17:55]} 53. Rg8 {[%clk 0:06:35]}  Bh6 {[%clk 0:15:19]} 54. Nc4 {[%clk 0:06:30]}  Rb4 {[%clk 0:14:40]} 55. Ne3 {[%clk 0:06:18]}  Rb8 {[%clk 0:13:08]} 56. Rxb8 {[%clk 0:02:27]}  Kxb8 {[%clk 0:13:17]} 57. Nf5 {[%clk 0:01:34]}  Bf8 {[%clk 0:13:36]} 58. Nh4 {[%clk 0:02:00]}  c4 {[%clk 0:11:51]} 59. Kf3 {[%clk 0:02:22]}  Kc7 {[%clk 0:10:37]} 60. Ng6 {[%clk 0:02:41]}  c3 {[%clk 0:09:07]} 61. Ke3 {[%clk 0:02:56]}  Bg7 {[%clk 0:06:53]} 62. f8=Q {[%clk 0:01:12]}  Bxf8 {[%clk 0:08:21]} 63. Nxf8 {[%clk 0:01:39]}  Kd6 {[%clk 0:08:28]} 64. Ng6 {[%clk 0:01:53]}  Ke6 {[%clk 0:08:39]} 65. Nf4+ {[%clk 0:02:16]}  Kf5 {[%clk 0:08:00]} 66. Nd3 {[%clk 0:02:34]} 1-0

[Event "Masters Tournament (MTO)"]
[Site "Biel, CH"]
[Date "2025.07.21"]
[Round "7"]
[White "von Burg, Carl Alexander"]
[Black "Pisan, Kai"]
[Result "0-1"]
[Board "48"]
[WhiteFideId "1352458"]
[BlackFideId "39904881"]
[WhiteElo "1878"]
[BlackElo "1995"]
[WhiteTeam "SUI"]
[BlackTeam "USA"]
[WhiteClock "0:01:09"]
[BlackClock "0:02:39"]
[Variant "Standard"]

1. Nf3 {[%clk 1:40:38]}  d5 {[%clk 1:40:33]} 2. e3 {[%clk 1:40:51]}  Nf6 {[%clk 1:40:08]} 3. c4 {[%clk 1:40:55]}  e6 {[%clk 1:36:33]} 4. Nc3 {[%clk 1:38:47]}  c6 {[%clk 1:35:02]} 5. b3 {[%clk 1:36:10]}  Nbd7 {[%clk 1:35:16]} 6. Bb2 {[%clk 1:35:13]}  Bd6 {[%clk 1:35:03]} 7. Rc1 {[%clk 1:32:30]}  Qe7 {[%clk 1:29:08]} 8. Qc2 {[%clk 1:31:10]}  a6 {[%clk 1:26:12]} 9. Be2 {[%clk 1:18:13]}  Ne5 {[%clk 1:11:56]} 10. Na4 {[%clk 1:09:53]}  Ned7 {[%clk 1:06:58]} 11. c5 {[%clk 1:02:20]}  Bc7 {[%clk 1:07:09]} 12. Nd4 {[%clk 0:56:57]}  Nf8 {[%clk 0:59:52]} 13. h3 {[%clk 0:45:10]}  e5 {[%clk 0:59:01]} 14. Nf5 {[%clk 0:43:15]}  Bxf5 {[%clk 0:58:35]} 15. Qxf5 {[%clk 0:43:39]}  Qe6 {[%clk 0:56:29]} 16. Qc2 {[%clk 0:41:19]}  N8d7 {[%clk 0:54:34]} 17. a3 {[%clk 0:40:07]}  Rd8 {[%clk 0:52:09]} 18. d3 {[%clk 0:38:14]}  O-O {[%clk 0:44:56]} 19. g4 {[%clk 0:33:33]}  e4 {[%clk 0:40:15]} 20. g5 {[%clk 0:32:39]}  exd3 {[%clk 0:39:35]} 21. Bxd3 {[%clk 0:29:28]}  Ne4 {[%clk 0:38:22]} 22. Bxe4 {[%clk 0:24:22]}  dxe4 {[%clk 0:38:08]} 23. h4 {[%clk 0:21:58]}  Qg4 {[%clk 0:25:35]} 24. Qe2 {[%clk 0:21:29]}  Qf5 {[%clk 0:24:45]} 25. Rg1 {[%clk 0:19:08]}  Be5 {[%clk 0:18:26]} 26. Qg4 {[%clk 0:17:35]}  Qxg4 {[%clk 0:09:37]} 27. Rxg4 {[%clk 0:18:00]}  f5 {[%clk 0:07:06]} 28. gxf6 {[%clk 0:16:29]}  Nxf6 {[%clk 0:07:23]} 29. Rg5 {[%clk 0:15:43]}  Bxb2 {[%clk 0:07:41]} 30. Nxb2 {[%clk 0:16:07]}  h5 {[%clk 0:02:10]} 31. Rd1 {[%clk 0:12:31]}  Rd5 {[%clk 0:04:01]} 32. Rdxd5 {[%clk 0:09:40]}  cxd5 {[%clk 0:04:22]} 33. Nd1 {[%clk 0:09:11]}  Rd8 {[%clk 0:03:30]} 34. Kd2 {[%clk 0:04:48]}  d4 {[%clk 0:03:40]} 35. exd4 {[%clk 0:04:26]}  Rxd4+ {[%clk 0:04:02]} 36. Kc2 {[%clk 0:04:38]}  e3 {[%clk 0:02:12]} 37. Nxe3 {[%clk 0:03:24]}  Rxh4 {[%clk 0:01:30]} 38. Rxg7+ {[%clk 0:03:04]}  Kxg7 {[%clk 0:01:19]} 39. Nf5+ {[%clk 0:03:29]}  Kg6 {[%clk 0:00:48]} 40. Nxh4+ {[%clk 0:03:49]}  Kg5 {[%clk 0:01:08]} 41. Nf3+ {[%clk 0:28:31]}  Kf4 {[%clk 0:30:34]} 42. Ng1 {[%clk 0:23:14]}  Ne4 {[%clk 0:27:25]} 43. b4 {[%clk 0:19:32]}  Nxf2 {[%clk 0:25:57]} 44. a4 {[%clk 0:19:22]}  Ke4 {[%clk 0:23:26]} 45. Kc3 {[%clk 0:18:46]}  Kd5 {[%clk 0:22:48]} 46. Nf3 {[%clk 0:18:11]}  a5 {[%clk 0:18:08]} 47. c6 {[%clk 0:07:16]}  axb4+ {[%clk 0:17:58]} 48. Kxb4 {[%clk 0:07:32]}  bxc6 {[%clk 0:12:38]} 49. a5 {[%clk 0:06:34]}  Nd3+ {[%clk 0:12:30]} 50. Kc3 {[%clk 0:05:55]}  Nc5 {[%clk 0:12:16]} 51. Kd2 {[%clk 0:04:26]}  Nb3+ {[%clk 0:11:42]} 52. Ke3 {[%clk 0:04:36]}  Nxa5 {[%clk 0:11:50]} 53. Kf4 {[%clk 0:04:55]}  c5 {[%clk 0:08:46]} 54. Ne5 {[%clk 0:04:18]}  Kd4 {[%clk 0:06:07]} 55. Nf3+ {[%clk 0:03:39]}  Kd3 {[%clk 0:03:40]} 56. Ne5+ {[%clk 0:03:42]}  Ke2 {[%clk 0:01:39]} 57. Kg5 {[%clk 0:02:45]}  Ke3 {[%clk 0:01:02]} 58. Kxh5 {[%clk 0:02:14]}  Ke4 {[%clk 0:01:06]} 59. Nd7 {[%clk 0:02:02]}  c4 {[%clk 0:01:30]} 60. Nc5+ {[%clk 0:01:47]}  Kd4 {[%clk 0:01:13]} 61. Na4 {[%clk 0:01:56]}  Nb3 {[%clk 0:01:28]} 62. Kg4 {[%clk 0:01:52]}  Nc5 {[%clk 0:01:47]} 63. Nxc5 {[%clk 0:00:35]}  Kxc5 {[%clk 0:02:09]} 64. Kf3 {[%clk 0:01:04]}  Kb4 {[%clk 0:02:00]} 65. Ke2 {[%clk 0:01:29]}  Kc3 {[%clk 0:02:14]} 66. Kd1 {[%clk 0:01:47]}  Kb2 {[%clk 0:02:39]} 67. Kd2 {[%clk 0:01:09]} 0-1

[Event "Masters Tournament (MTO)"]
[Site "Biel, CH"]
[Date "2025.07.21"]
[Round "7"]
[White "Oestmann, Lukas"]
[Black "Cordes, Jule"]
[Result "1/2-1/2"]
[Board "49"]
[WhiteFideId "1326457"]
[BlackFideId "1060708"]
[WhiteElo "2007"]
[BlackElo "1946"]
[WhiteTeam "SUI"]
[BlackTeam "NED"]
[WhiteClock "0:14:25"]
[BlackClock "0:09:38"]
[Variant "Standard"]

1. e4 {[%clk 1:40:57]}  e6 {[%clk 1:40:54]} 2. d4 {[%clk 1:41:23]}  d5 {[%clk 1:41:17]} 3. Nd2 {[%clk 1:41:18]}  Nf6 {[%clk 1:41:39]} 4. e5 {[%clk 1:41:45]}  Nfd7 {[%clk 1:42:00]} 5. Bd3 {[%clk 1:42:05]}  c5 {[%clk 1:42:19]} 6. c3 {[%clk 1:42:08]}  Nc6 {[%clk 1:42:41]} 7. Ngf3 {[%clk 1:42:34]}  Qb6 {[%clk 1:42:35]} 8. O-O {[%clk 1:42:59]}  cxd4 {[%clk 1:42:52]} 9. cxd4 {[%clk 1:43:18]}  a5 {[%clk 1:43:14]} 10. Re1 {[%clk 1:31:55]}  Be7 {[%clk 1:43:22]} 11. Qe2 {[%clk 1:28:47]}  Nxd4 {[%clk 1:41:10]} 12. Nxd4 {[%clk 1:29:12]}  Qxd4 {[%clk 1:41:34]} 13. Nf3 {[%clk 1:29:27]}  Qb6 {[%clk 1:38:38]} 14. h4 {[%clk 1:24:07]}  h6 {[%clk 1:29:34]} 15. h5 {[%clk 1:18:16]}  Bc5 {[%clk 1:10:48]} 16. Bb5 {[%clk 1:12:05]}  Bxf2+ {[%clk 0:51:05]} 17. Qxf2 {[%clk 1:11:45]}  Qxb5 {[%clk 0:51:31]} 18. Qg3 {[%clk 1:11:52]}  Qc5+ {[%clk 0:43:20]} 19. Kh1 {[%clk 1:11:54]}  Nb8 {[%clk 0:28:27]} 20. Qxg7 {[%clk 1:01:48]}  Qf8 {[%clk 0:35:22]} 21. Qf6 {[%clk 1:01:35]}  Rh7 {[%clk 0:31:38]} 22. Be3 {[%clk 0:52:11]}  Qe7 {[%clk 0:26:35]} 23. Qf4 {[%clk 0:49:53]}  Bd7 {[%clk 0:20:18]} 24. Rac1 {[%clk 0:49:31]}  Na6 {[%clk 0:20:36]} 25. a3 {[%clk 0:46:31]}  Rh8 {[%clk 0:11:42]} 26. Qd4 {[%clk 0:45:49]}  Bc6 {[%clk 0:11:10]} 27. Qb6 {[%clk 0:38:33]}  Qc7 {[%clk 0:10:13]} 28. Qxc7 {[%clk 0:12:12]}  Nxc7 {[%clk 0:10:10]} 29. Bb6 {[%clk 0:14:25]}  Kd7 {[%clk 0:10:07]} 30. Nd4 {[%clk 0:14:19]}  Ra6 {[%clk 0:10:03]} 31. Nf3 {[%clk 0:14:10]}  Raa8 {[%clk 0:10:02]} 32. Rc5 {[%clk 0:14:25]}  a4 {[%clk 0:09:38]} 1/2-1/2

[Event "Masters Tournament (MTO)"]
[Site "Biel, CH"]
[Date "2025.07.21"]
[Round "7"]
[White "Yu, Tianxiang Carlos"]
[Black "Arulanantham, Aneet"]
[Result "1/2-1/2"]
[Board "50"]
[WhiteFideId "39922723"]
[BlackFideId "1335189"]
[WhiteElo "1938"]
[BlackElo "1985"]
[WhiteTeam "USA"]
[BlackTeam "SUI"]
[WhiteClock "0:39:52"]
[BlackClock "0:39:12"]
[Variant "Standard"]

1. e4 {[%clk 1:35:00]}  d5 {[%clk 1:40:52]} 2. exd5 {[%clk 1:35:24]}  Qxd5 {[%clk 1:41:15]} 3. Nc3 {[%clk 1:35:51]}  Qa5 {[%clk 1:41:35]} 4. d4 {[%clk 1:36:16]}  c6 {[%clk 1:41:02]} 5. Nf3 {[%clk 1:36:10]}  Nf6 {[%clk 1:40:08]} 6. Bc4 {[%clk 1:35:24]}  Bf5 {[%clk 1:33:45]} 7. Bd2 {[%clk 1:32:33]}  e6 {[%clk 1:24:38]} 8. Qe2 {[%clk 1:23:23]}  Bb4 {[%clk 1:29:36]} 9. O-O-O {[%clk 1:21:34]}  O-O {[%clk 1:26:17]} 10. Ne5 {[%clk 1:14:44]}  Nd5 {[%clk 1:18:49]} 11. Bxd5 {[%clk 0:58:19]}  exd5 {[%clk 1:08:36]} 12. g4 {[%clk 1:05:59]}  Be6 {[%clk 1:04:45]} 13. a3 {[%clk 0:58:46]}  Bxc3 {[%clk 1:03:03]} 14. Bxc3 {[%clk 0:57:42]}  Qb5 {[%clk 0:52:39]} 15. Qxb5 {[%clk 0:55:51]}  cxb5 {[%clk 0:50:29]} 16. h3 {[%clk 0:49:05]}  Nc6 {[%clk 0:46:28]} 17. Rhe1 {[%clk 0:46:45]}  Rfe8 {[%clk 0:44:12]} 18. f4 {[%clk 0:41:37]}  f6 {[%clk 0:42:22]} 19. Nxc6 {[%clk 0:40:18]}  bxc6 {[%clk 0:39:12]} 20. Kd2 {[%clk 0:39:52]} 1/2-1/2

[Event "Masters Tournament (MTO)"]
[Site "Biel, CH"]
[Date "2025.07.21"]
[Round "7"]
[White "Hornung, Hans, Dr."]
[Black "Schaffner, David"]
[Result "1-0"]
[Board "51"]
[WhiteFideId "4615140"]
[BlackFideId "1310607"]
[WhiteElo "1905"]
[BlackElo "1980"]
[WhiteTeam "GER"]
[BlackTeam "SUI"]
[WhiteClock "0:23:49"]
[BlackClock "0:03:55"]
[Variant "Standard"]

1. Nf3 {[%clk 1:40:56]}  Nf6 {[%clk 1:40:46]} 2. c4 {[%clk 1:41:14]}  c5 {[%clk 1:39:37]} 3. Nc3 {[%clk 1:41:26]}  Nc6 {[%clk 1:39:00]} 4. e3 {[%clk 1:41:24]}  g6 {[%clk 1:38:26]} 5. d4 {[%clk 1:41:44]}  cxd4 {[%clk 1:36:05]} 6. exd4 {[%clk 1:42:03]}  d6 {[%clk 1:14:59]} 7. d5 {[%clk 1:42:11]}  Nb8 {[%clk 1:14:50]} 8. Be2 {[%clk 1:41:57]}  Bg7 {[%clk 1:15:04]} 9. O-O {[%clk 1:42:17]}  O-O {[%clk 1:13:39]} 10. h3 {[%clk 1:38:32]}  Na6 {[%clk 0:39:24]} 11. Re1 {[%clk 1:38:26]}  Nc7 {[%clk 0:22:05]} 12. Bf4 {[%clk 1:30:18]}  Nfe8 {[%clk 0:21:02]} 13. Qd2 {[%clk 1:20:33]}  Rb8 {[%clk 0:12:17]} 14. Rad1 {[%clk 1:18:21]}  Bd7 {[%clk 0:12:32]} 15. b4 {[%clk 1:12:13]}  b6 {[%clk 0:11:17]} 16. Bg5 {[%clk 1:09:11]}  Nf6 {[%clk 0:11:41]} 17. Nd4 {[%clk 1:08:47]}  Qc8 {[%clk 0:10:25]} 18. b5 {[%clk 1:04:44]}  Re8 {[%clk 0:10:15]} 19. Nc6 {[%clk 1:03:26]}  Bxc6 {[%clk 0:10:31]} 20. bxc6 {[%clk 1:02:56]}  Na6 {[%clk 0:10:41]} 21. Bf3 {[%clk 0:51:06]}  Nc5 {[%clk 0:10:35]} 22. Bxf6 {[%clk 0:39:23]}  Bxf6 {[%clk 0:09:11]} 23. Nb5 {[%clk 0:39:40]}  Qa6 {[%clk 0:06:24]} 24. c7 {[%clk 0:32:54]}  Ra8 {[%clk 0:05:15]} 25. Bg4 {[%clk 0:31:19]}  Qb7 {[%clk 0:05:32]} 26. Qe3 {[%clk 0:26:25]}  Rf8 {[%clk 0:04:55]} 27. c8=Q {[%clk 0:25:35]}  Raxc8 {[%clk 0:05:08]} 28. Bxc8 {[%clk 0:25:43]}  Rxc8 {[%clk 0:05:27]} 29. Nd4 {[%clk 0:25:12]}  Kg7 {[%clk 0:04:10]} 30. Nc6 {[%clk 0:24:58]}  e5 {[%clk 0:03:55]} 31. g3 {[%clk 0:23:49]}  Rc7 {[%clk 0:03:55]} 32. h4 {[%clk 0:23:49]}  h5 {[%clk 0:03:55]} 33. Kh2 {[%clk 0:23:49]}  Qa6 {[%clk 0:03:55]} 34. Qe2 {[%clk 0:23:49]}  Qa4 {[%clk 0:03:55]} 35. Kg2 {[%clk 0:23:49]}  Qa3 {[%clk 0:03:55]} 36. Rd2 {[%clk 0:23:49]}  Qa4 {[%clk 0:03:55]} 37. Rb1 {[%clk 0:23:49]}  Kh7 {[%clk 0:03:55]} 38. Rb4 {[%clk 0:23:49]}  Qa6 {[%clk 0:03:55]} 39. Rc2 {[%clk 0:23:49]}  Kg7 {[%clk 0:03:55]} 40. a4 {[%clk 0:23:49]}  Kg8 {[%clk 0:03:55]} 41. Ra2 {[%clk 0:23:49]}  Nb7 {[%clk 0:03:55]} 42. Rb5 {[%clk 0:23:49]}  Na5 {[%clk 0:03:55]} 43. Nxa5 {[%clk 0:23:49]}  bxa5 {[%clk 0:03:55]} 44. c5 {[%clk 0:23:49]}  Kg7 {[%clk 0:03:55]} 45. c6 {[%clk 0:23:49]}  Bd8 {[%clk 0:03:55]} 46. Rb8 {[%clk 0:23:49]} 1-0

[Event "Masters Tournament (MTO)"]
[Site "Biel, CH"]
[Date "2025.07.21"]
[Round "7"]
[White "Hank, Holger"]
[Black "Malli, Shiivesh Sunil"]
[Result "1/2-1/2"]
[Board "52"]
[WhiteFideId "4648242"]
[BlackFideId "1340409"]
[WhiteElo "1947"]
[BlackElo "1969"]
[WhiteTeam "GER"]
[BlackTeam "SUI"]
[WhiteClock "0:05:24"]
[BlackClock "0:06:58"]
[Variant "Standard"]

1. Nf3 {[%clk 1:40:14]}  d5 {[%clk 1:40:54]} 2. c4 {[%clk 1:40:17]}  c6 {[%clk 1:41:21]} 3. g3 {[%clk 1:40:37]}  Nf6 {[%clk 1:41:45]} 4. Bg2 {[%clk 1:41:01]}  g6 {[%clk 1:42:08]} 5. b3 {[%clk 1:41:21]}  Bg7 {[%clk 1:42:32]} 6. Bb2 {[%clk 1:41:47]}  O-O {[%clk 1:42:41]} 7. O-O {[%clk 1:42:10]}  Re8 {[%clk 1:38:15]} 8. Qc2 {[%clk 1:39:14]}  Bf5 {[%clk 1:34:48]} 9. d3 {[%clk 1:38:14]}  Nbd7 {[%clk 1:33:08]} 10. Nd4 {[%clk 1:32:25]}  e5 {[%clk 1:23:58]} 11. Nxf5 {[%clk 1:32:47]}  gxf5 {[%clk 1:24:21]} 12. d4 {[%clk 1:09:18]}  e4 {[%clk 1:22:29]} 13. e3 {[%clk 1:09:40]}  Rc8 {[%clk 1:19:28]} 14. Rd1 {[%clk 0:52:59]}  Qe7 {[%clk 1:12:27]} 15. Nc3 {[%clk 0:43:52]}  Qe6 {[%clk 1:09:00]} 16. Ne2 {[%clk 0:38:09]}  Bh6 {[%clk 1:08:59]} 17. Rac1 {[%clk 0:36:25]}  Nb8 {[%clk 0:52:57]} 18. Qd2 {[%clk 0:28:34]}  Na6 {[%clk 0:44:39]} 19. Ba3 {[%clk 0:21:50]}  b6 {[%clk 0:43:18]} 20. Rc2 {[%clk 0:21:23]}  Red8 {[%clk 0:33:33]} 21. Rdc1 {[%clk 0:17:07]}  Qd7 {[%clk 0:28:25]} 22. Bf1 {[%clk 0:15:00]}  Nc7 {[%clk 0:25:19]} 23. Nc3 {[%clk 0:13:32]}  Ne6 {[%clk 0:24:53]} 24. cxd5 {[%clk 0:12:30]}  Nxd5 {[%clk 0:24:05]} 25. Nxd5 {[%clk 0:12:32]}  cxd5 {[%clk 0:22:59]} 26. h4 {[%clk 0:10:12]}  Bf8 {[%clk 0:13:01]} 27. Bxf8 {[%clk 0:10:12]}  Rxf8 {[%clk 0:12:32]} 28. Ba6 {[%clk 0:09:45]}  Rxc2 {[%clk 0:12:30]} 29. Qxc2 {[%clk 0:09:16]}  Qd6 {[%clk 0:09:41]} 30. Bf1 {[%clk 0:09:11]}  Kg7 {[%clk 0:08:38]} 31. Bh3 {[%clk 0:07:50]}  Kg6 {[%clk 0:08:30]} 32. Qe2 {[%clk 0:07:11]}  Rg8 {[%clk 0:04:03]} 33. Qb5 {[%clk 0:05:10]}  Kf6 {[%clk 0:03:10]} 34. Kh2 {[%clk 0:03:34]}  Rd8 {[%clk 0:02:44]} 35. Qc6 {[%clk 0:02:36]}  Qe7 {[%clk 0:02:02]} 36. Qc2 {[%clk 0:01:09]}  Qa3 {[%clk 0:01:44]} 37. Qd2 {[%clk 0:01:00]}  Qd6 {[%clk 0:00:40]} 38. Rc3 {[%clk 0:01:09]}  Rd7 {[%clk 0:00:43]} 39. Qc1 {[%clk 0:01:26]}  Rc7 {[%clk 0:01:02]} 40. Bf1 {[%clk 0:01:14]}  Rxc3 {[%clk 0:01:10]} 41. Qxc3 {[%clk 0:01:23]}  Qa3 {[%clk 0:28:08]} 42. Qc2 {[%clk 0:31:44]}  Qa5 {[%clk 0:28:22]} 43. Bh3 {[%clk 0:29:19]}  Qa3 {[%clk 0:18:08]} 44. Kg2 {[%clk 0:28:34]}  Qf8 {[%clk 0:17:12]} 45. Qc6 {[%clk 0:27:20]}  Qd8 {[%clk 0:17:29]} 46. Kg1 {[%clk 0:26:41]}  h6 {[%clk 0:16:31]} 47. Bf1 {[%clk 0:25:49]}  Kg7 {[%clk 0:16:15]} 48. Bh3 {[%clk 0:24:23]}  Kf6 {[%clk 0:16:30]} 49. Qb7 {[%clk 0:24:30]}  a5 {[%clk 0:16:36]} 50. Bf1 {[%clk 0:24:16]}  Qd6 {[%clk 0:14:05]} 51. Qc8 {[%clk 0:23:15]}  Qd8 {[%clk 0:09:05]} 52. Qc6 {[%clk 0:22:07]}  Kg7 {[%clk 0:08:27]} 53. Bh3 {[%clk 0:22:11]}  Kf6 {[%clk 0:08:51]} 54. Kg2 {[%clk 0:22:23]}  Kg6 {[%clk 0:08:05]} 55. Kh2 {[%clk 0:21:21]}  Kf6 {[%clk 0:07:57]} 56. Bf1 {[%clk 0:21:06]}  Kg7 {[%clk 0:07:57]} 57. Ba6 {[%clk 0:21:16]}  f4 {[%clk 0:06:50]} 58. exf4 {[%clk 0:06:11]}  Nxd4 {[%clk 0:06:58]} 59. Qc8 {[%clk 0:05:24]} 1/2-1/2

[Event "Masters Tournament (MTO)"]
[Site "Biel, CH"]
[Date "2025.07.21"]
[Round "7"]
[White "Trubini, Timon"]
[Black "Schultze, Joerg-Martin, Dr."]
[Result "0-1"]
[Board "53"]
[WhiteFideId "1347799"]
[BlackFideId "12972070"]
[WhiteElo "1922"]
[BlackElo "1865"]
[WhiteTeam "SUI"]
[BlackTeam "GER"]
[WhiteClock "0:11:59"]
[BlackClock "0:06:04"]
[Variant "Standard"]

1. e4 {[%clk 1:37:07]}  c6 {[%clk 1:39:19]} 2. d4 {[%clk 1:37:30]}  d5 {[%clk 1:39:30]} 3. e5 {[%clk 1:37:55]}  c5 {[%clk 1:39:53]} 4. c3 {[%clk 1:38:16]}  Nc6 {[%clk 1:39:42]} 5. Be2 {[%clk 1:38:42]}  Bf5 {[%clk 1:34:46]} 6. Nf3 {[%clk 1:39:06]}  e6 {[%clk 1:32:58]} 7. O-O {[%clk 1:39:31]}  Bg6 {[%clk 1:27:51]} 8. Re1 {[%clk 1:08:47]}  Nh6 {[%clk 1:19:38]} 9. Bxh6 {[%clk 1:08:18]}  gxh6 {[%clk 1:19:53]} 10. Nbd2 {[%clk 1:06:00]}  cxd4 {[%clk 1:00:59]} 11. Nxd4 {[%clk 1:02:18]}  Bc5 {[%clk 0:43:08]} 12. N2b3 {[%clk 1:00:13]}  Bb6 {[%clk 0:41:21]} 13. Qd2 {[%clk 0:54:26]}  O-O {[%clk 0:30:25]} 14. Qxh6 {[%clk 0:46:07]}  Nxe5 {[%clk 0:30:22]} 15. h4 {[%clk 0:43:10]}  Nc6 {[%clk 0:26:05]} 16. h5 {[%clk 0:42:43]}  Qh4 {[%clk 0:25:32]} 17. g3 {[%clk 0:35:06]}  Qh3 {[%clk 0:25:47]} 18. Qg5 {[%clk 0:35:17]}  Bd8 {[%clk 0:24:19]} 19. Qg4 {[%clk 0:34:57]}  Qxg4 {[%clk 0:24:27]} 20. Bxg4 {[%clk 0:35:17]}  Bd3 {[%clk 0:22:12]} 21. Nc5 {[%clk 0:33:08]}  Nxd4 {[%clk 0:21:08]} 22. cxd4 {[%clk 0:33:13]}  Bb5 {[%clk 0:20:34]} 23. Nxb7 {[%clk 0:31:34]}  Bb6 {[%clk 0:20:10]} 24. Nc5 {[%clk 0:31:42]}  Rfe8 {[%clk 0:15:59]} 25. a4 {[%clk 0:29:23]}  Bxc5 {[%clk 0:15:27]} 26. dxc5 {[%clk 0:29:18]}  Bc4 {[%clk 0:15:19]} 27. b4 {[%clk 0:26:35]}  Rec8 {[%clk 0:15:07]} 28. a5 {[%clk 0:20:07]}  Rab8 {[%clk 0:14:40]} 29. Rab1 {[%clk 0:16:32]}  Kg7 {[%clk 0:15:01]} 30. Be2 {[%clk 0:16:23]}  Bxe2 {[%clk 0:15:07]} 31. Rxe2 {[%clk 0:16:48]}  Rxc5 {[%clk 0:15:22]} 32. Reb2 {[%clk 0:16:02]}  Rcb5 {[%clk 0:14:54]} 33. g4 {[%clk 0:15:11]}  Kf6 {[%clk 0:13:33]} 34. f4 {[%clk 0:14:23]}  h6 {[%clk 0:12:31]} 35. Kf2 {[%clk 0:14:48]}  Rc8 {[%clk 0:10:47]} 36. Rb3 {[%clk 0:14:18]}  Rc4 {[%clk 0:10:33]} 37. Ke3 {[%clk 0:14:04]}  e5 {[%clk 0:08:10]} 38. Rf1 {[%clk 0:12:18]}  Re4+ {[%clk 0:07:27]} 39. Kd3 {[%clk 0:11:59]}  exf4 {[%clk 0:06:04]} 0-1